Подробности
| 000 -МАРКЕР |
| контрольное поле |
02962nam0a2200337 4500 |
| 001 - ИДЕНТИФИКАТОР ЗАПИСИ |
| контрольное поле |
RU\NLR\BIBL_A\016234120 |
| 005 - ИДЕНТИФИКАТОР ВЕРСИИ |
| контрольное поле |
20230208171841.0 |
| 010 ## - МЕЖДУНАРОДНЫЙ СТАНДАРТНЫЙ НОМЕР КНИГИ (ISBN) |
| Номер (ISBN) |
978-5-91878-591-1 |
| Тираж |
1500 |
| 021 ## - НОМЕР ГОСУДАРСТВЕННОЙ РЕГИСТРАЦИИ |
| Код страны |
Российская Федерация |
| Номер |
КН-П-22-082722 |
| Номер Листа государственной регистраци |
КН-П-22-7282 |
| 035 ## - ДРУГИЕ СИСТЕМНЫЕ НОМЕРА |
| Идентификатор записи |
(NLR Aleph) 016234120 |
| 035 ## - ДРУГИЕ СИСТЕМНЫЕ НОМЕРА |
| Идентификатор записи |
(RuMoRGB)011401814 |
| 100 ## - ДАННЫЕ ОБЩЕЙ ОБРАБОТКИ |
| Данные общей обработки |
20221209d2022 m y0rusy50 ca |
| 101 1# - ЯЗЫК РЕСУРСА |
| Язык текста, звукозаписи и т.д. |
русский |
| Язык оригинала |
английский |
| 102 ## - СТРАНА ПУБЛИКАЦИИ ИЛИ ПРОИЗВОДСТВА |
| Страна публикации |
Российская Федерация |
| 105 ## - ПОЛЕ КОДИРОВАННЫХ ДАННЫХ: ТЕКСТОВЫЕ МАТЕРИАЛЫ, МОНОГРАФИЧЕСКИЕ |
| Кодированные данные о монографическом текстовом документе |
y z 000ay |
| 200 1# - ЗАГЛАВИЕ И СВЕДЕНИЯ ОБ ОТВЕТСТВЕННОСТИ |
| Основное заглавие |
Легион памяти |
| Сведения, относящиеся к заглавию |
полное собрание рассказов из серии "Пространство" |
| Первые сведения об ответственности |
Джеймс Кори |
| Последующие сведения об ответственности |
перевод с английского Галины Соловьевой |
| 210 ## - ПУБЛИКАЦИЯ, РАСПРОСТРАНЕНИЕ И ДР. |
| Место издания, распространения и т.д. |
Санкт-Петербург |
| Имя издателя, распространителя и т. д. |
Фантастика Книжный клуб |
| Дата издания, распространения и т.д. |
2022 |
| 215 ## - ФИЗИЧЕСКАЯ ХАРАКТЕРИСТИКА |
| Специфическое обозначение материала и объем |
493, [1] с. |
| Размеры |
22 |
| 225 1# - СЕРИЯ |
| Основное заглавие серии |
Science fiction |
| 225 1# - СЕРИЯ |
| Основное заглавие серии |
Fantastika |
| 327 1# - ПРИМЕЧАНИЯ О СОДЕРЖАНИИ |
| Текст примечания |
Содерж.: Двигатель; Палач станции Андерсон; Боги риска; Маслобойка; Пропасть выживания; Чужие собаки; Оберон; Грехи отцов наших |
| 330 ## - РЕЗЮМЕ ИЛИ РЕФЕРАТ |
| Текст примечания |
От "Пробуждения Левиафана" до "Падения Левиафана" - девять отмеченных премией "Хьюго" романов Дж. Кори из серии "Пространство" изменили представления о космоопере. А теперь перед вами сборник повестей и рассказов из этой же серии, в том числе свежайшая история, события которой происходят после "Падения Левиафана". Марсианский ученый испытывает новый двигатель, способный со временем доставить человечество к звездам. Заключенные на астероидной станции не ведают о нависшей над ними угрозе. На измученной перенаселением, загрязнением среды и нищетой Земле будущего криминальный босс ищет выхода за пределы планеты. Человеческая семья в чуждом мире работает над укреплением колонии, пытаясь построить для себя новую родину. Эти и другие сюжеты сборника разворачиваются в суровом мире "Пространства". Не пропустите! |
| 333 ## - ПРИМЕЧАНИЯ ОБ ОСОБЕННОСТЯХ РАСПРОСТРАНЕНИЯ И ИСПОЛЬЗОВАНИЯ |
| Текст примечания |
16+ |
| 686 1# - ИНДЕКСЫ ДРУГИХ КЛАССИФИКАЦИЙ |
| Индекс |
Ш6(7США)67-445{Лх1979-62} |
| 700 #1 - ИМЯ ЛИЦА - ПЕРВИЧНАЯ ОТВЕТСТВЕННОСТЬ |
| Начальный элемент ввода |
Кори |
| Часть имени, кроме начального элемента ввода |
Д. С. А. |
| Дополнения к именам, кроме дат |
коллект. псевдоним |
| Расширение инициалов личного имени |
Джеймс С. А. |
| Идентификатор авторитетной/нормативной записи |
RU\NLR\AUTH\770134608 |
| 942 ## - ДОПОЛНИТЕЛЬНЫЕ ЭЛЕМЕНТЫ ЗАПИСИ (АБИС) |
| Тип экземпляра АБИС |
Книга |
| 980 ## - КОЛЛЕКЦИЯ |
| Название коллекции |
Национальная библиография |